Китайский милитаризм, 10-20-е гг. ХХ в.

Podrobná bibliografie
Hlavní autor: Жуков В. В. Вячеслав Викторович
Korporativní autor: Московский государственный университет им. М. В. Ломоносова (МГУ) Институт стран Азии и Африки (ИСАА)
Shrnutí:Исключено из фонда НТБ ТПУ
Jazyk:ruština
Vydáno: Москва, Наука, 1988
Médium: MixedMaterials Kniha
KOHA link:https://koha.lib.tpu.ru/cgi-bin/koha/opac-detail.pl?biblionumber=23647

MARC

LEADER 00000nam0a2200000 4500
001 23647
005 20231030195852.0
035 |a (RuTPU)RU\TPU\book\23872 
090 |a 23647 
100 |a 20011209d1988 km y0rusy50 ca 
101 0 |a rus  |d eng 
102 |a RU 
105 |a a z 000zy 
200 1 |a Китайский милитаризм, 10-20-е гг. ХХ в.  |f В. В. Жуков  |g Московский государственный университет им. М. В. Ломоносова ; Институт стран Азии и Африки 
210 |a Москва  |c Наука  |d 1988 
215 |a 165 с. 
320 |a Библиография: с. 153-162 (233 назв.) 
333 |a Исключено из фонда НТБ ТПУ 
700 1 |a Жуков  |b В. В.  |g Вячеслав Викторович 
712 0 2 |a Московский государственный университет им. М. В. Ломоносова (МГУ)  |b Институт стран Азии и Африки (ИСАА)  |2 stltpush  |3 (RuTPU)RU\TPU\col\455 
801 2 |a RU  |b 63413507  |c 20160210  |g PSBO 
942 |c BK